Will the lord deliver us? (Record no. 68603)

MARC details
000 -LEADER
fixed length control field 01174cam a2200241 4500
001 - CONTROL NUMBER
control field ABS64712
008 - FIXED-LENGTH DATA ELEMENTS--GENERAL INFORMATION
fixed length control field 011018n2001 000 0 eng u
035 ## - SYSTEM CONTROL NUMBER
System control number (Sirsi) u115183
100 ## - MAIN ENTRY--PERSONAL NAME
Personal name Wehner, P.
245 ## - TITLE STATEMENT
Title Will the lord deliver us?
260 ## - PUBLICATION, DISTRIBUTION, ETC.
Date of publication, distribution, etc. 2001
490 ## - SERIES STATEMENT
Series statement Estates Gazette
Volume/sequential designation (0141) 13 October 2001, 51(3)
520 ## - SUMMARY, ETC.
Summary, etc. Examines the task of former Dome minister Lord Falconer as he attempts to improve the planning system. At the centre of his efforts will be the crucial Green Paper on Planning which is expected before the end of the year. Important aspects of the paper include, improving the status of the public sector's planning professionals and seeing that local authorities give planning a higher priority. Recommends that the provision of affordable housing and other infrastructure projects should be removed from local planning authority control.
590 ## - LOCAL NOTE (RLIN)
Local note ABS
650 ## - SUBJECT ADDED ENTRY--TOPICAL TERM
Topical term or geographic name entry element PLANNING REFORM
650 ## - SUBJECT ADDED ENTRY--TOPICAL TERM
Topical term or geographic name entry element PLANNING SYSTEM
650 ## - SUBJECT ADDED ENTRY--TOPICAL TERM
Topical term or geographic name entry element PLANNING PROFESSION
650 ## - SUBJECT ADDED ENTRY--TOPICAL TERM
Topical term or geographic name entry element LOCAL AUTHORITIES
650 ## - SUBJECT ADDED ENTRY--TOPICAL TERM
Topical term or geographic name entry element BEST VALUE
650 ## - SUBJECT ADDED ENTRY--TOPICAL TERM
Topical term or geographic name entry element PLANNING GAIN
690 ## - LOCAL SUBJECT ADDED ENTRY--TOPICAL TERM (OCLC, RLIN)
Topical term or geographic name as entry element ENVIRONMENTAL AND LAND CONSULTANCY-PLANNING AND DEVELOPMENT
942 ## - ADDED ENTRY ELEMENTS (KOHA)
Suppress in OPAC 0
Holdings
Withdrawn status Lost status Source of classification or shelving scheme Damaged status Not for loan Home library Current library Shelving location Date acquired Total Checkouts Full call number Barcode Date last seen Copy number Price effective from Koha item type
    Dewey Decimal Classification     London London Journal article 18/10/2001   ABS64712 115183-1001 06/08/2019 1 06/08/2019 Journal article